| 000 | 00427nam a2200181Ia 4500 | ||
|---|---|---|---|
| 001 | 17438 | ||
| 005 | 20260306171517.0 | ||
| 008 | 260306s9999||||xx |||||||||||||| ||und|| | ||
| 041 | _aESP | ||
| 082 |
_a658 _bB141 V. 37 |
||
| 100 |
_aBallarin, E. _eAUT |
||
| 245 | 0 | _aDesmarcándonos de la competencia | |
| 260 | _c1997 | ||
| 300 |
_a93 páginas : _c25 cm. |
||
| 650 | _aGEN | ||
| 654 | _aCAN | ||
| 942 |
_cLIB _dJUS _fJUS _2ddc _n |
||
| 999 |
_c17438 _d17438 |
||